| 000 | 01011pam a2200265 a 4500 | ||
|---|---|---|---|
| 999 |
_c10614 _d10614 |
||
| 001 | 2998286 | ||
| 003 | ARRUPE | ||
| 005 | 20170927121131.0 | ||
| 008 | 931008s1994 vau b s001 0 eng | ||
| 010 | _a 93040047 | ||
| 020 | _a081391504X | ||
| 020 | _a0813915058 (pbk.) | ||
| 040 |
_aDLC _cDLC _dDLC |
||
| 043 | _af------ | ||
| 050 | 0 | 0 |
_aGN308.3.A35 _bM66 1994 |
| 082 | 0 | 0 |
_a301/.096 _220 |
| 100 | 1 |
_aMoore, Sally Falk, _d1924- _917857 |
|
| 245 | 1 | 0 |
_aAnthropology and Africa : _bchanging perspectives on a changing scene / _cby Sally Falk Moore. |
| 260 |
_aCharlottesville : _bUniversity Press of Virginia, _c1994. |
||
| 300 |
_avii, 165 p. ; _c23 cm. |
||
| 504 | _aIncludes bibliographical references (p. 135-160) and indexes. | ||
| 650 | 0 |
_aEthnology _zAfrica _xHistory. _93455 |
|
| 906 |
_a7 _bcbc _corignew _d1 _eocip _f19 _gy-gencatlg |
||
| 942 |
_2lcc _cMONOGRAPH |
||